[Event "Holanda ch 2008"]
[Site "Hilversum NED"]
[Date "2008.04.09"]
[Round "7.6"]
[White "Janssen, Ruud"]
[Black "L'Ami, Erwin"]
[Result "0-1"]
[WhiteElo "2504"]
[BlackElo "2600"]
[PlyCount "70"]
[EventDate "2008.04.02"]
[EventType "tourn"]
[EventRounds "11"]
[EventCountry "NED"]
[EventCategory "12"]
[Source "lmi"]
[SourceDate "2008.04.02"]

1. Nf3 Nf6 2. c4 e6 3. g3 b6 4. Bg2 Bb7 5. O-O Be7 6. Nc3 O-O 7. Re1 d5 8. cxd5
Nxd5 9. e4 Nxc3 10. bxc3 c5 11. d4 Nc6 12. Bf4 cxd4 13. cxd4 Bf6 14. Be3 Na5
15. Qd3 Qd7 16. g4 Rac8 17. g5 Be7 18. Ne5 Qd8 19. h4 f6 20. gxf6 Bxf6 21. Rad1
Bxe5 22. dxe5 Qxh4 23. f4 Qg4 24. Rc1 Rcd8 25. Qe2 Qg6 26. Qf3 Nc6 27. f5 Nxe5
28. fxg6 Nxf3+ 29. Bxf3 Rxf3 30. gxh7+ Kxh7 31. Rc4 Rd3 32. Bc1 Rg3+ 33. Kh2
Rc3 34. Rxc3 Rxc3 35. a3 Bxe4 0-1

[Event "Holanda ch 2008"]
[Site "Hilversum NED"]
[Date "2008.04.10"]
[Round "8.2"]
[White "De Jong, Jan-Willem"]
[Black "Janssen, Ruud"]
[Result "1/2-1/2"]
[WhiteElo "2474"]
[BlackElo "2504"]
[PlyCount "27"]
[EventDate "2008.04.02"]
[EventType "tourn"]
[EventRounds "11"]
[EventCountry "NED"]
[EventCategory "12"]
[Source "lmi"]
[SourceDate "2008.04.02"]

1. d4 Nf6 2. c4 e6 3. Nc3 d5 4. cxd5 exd5 5. Bg5 Be7 6. e3 c6 7. Bd3 Bg4 8.
Nge2 Ne4 9. Bxe7 Qxe7 10. Bxe4 dxe4 11. Qb3 Bxe2 12. Nxe2 Na6 13. O-O O-O 14.
Rfd1 1/2-1/2

[Event "Holanda ch 2008"]
[Site "Hilversum NED"]
[Date "2008.04.10"]
[Round "8.4"]
[White "Bosboom, Manuel"]
[Black "Reinderman, Dimitri"]
[Result "0-1"]
[WhiteElo "2471"]
[BlackElo "2526"]
[PlyCount "82"]
[EventDate "2008.04.02"]
[EventType "tourn"]
[EventRounds "11"]
[EventCountry "NED"]
[EventCategory "12"]
[Source "lmi"]
[SourceDate "2008.04.02"]

1. d4 f5 2. g3 Nf6 3. Bg2 g6 4. Bg5 Bg7 5. Qd2 c5 6. d5 Qb6 7. c3 h6 8. Bxf6
Qxf6 9. Na3 d6 10. Nh3 Na6 11. O-O Nc7 12. Nc4 b6 13. e4 Ba6 14. Ne3 Bxf1 15.
Rxf1 h5 16. exf5 Bh6 17. f4 gxf5 18. Nf2 h4 19. Qd3 hxg3 20. hxg3 O-O-O 21.
Nxf5 Rdf8 22. Re1 Rf7 23. Rxe7 Rxe7 24. Ng4 Re1+ 25. Kf2 Rd1 26. Qe4 Qf8 27.
Ke2 Ra1 28. Ne7+ Kb7 29. Ne3 Qd8 30. N7f5 Bf8 31. b4 Qe8 32. Qc2 Qb5+ 33. Kf2
a5 34. Qb2 Rhh1 35. Bxh1 Rxh1 36. Kg2 Rh7 37. a4 Qe8 38. Qb1 axb4 39. cxb4 cxb4
40. Qxb4 Qh5 41. Kf2 Qh1 0-1

[Event "Holanda ch 2008"]
[Site "Hilversum NED"]
[Date "2008.04.10"]
[Round "8.5"]
[White "Ernst, Sipke"]
[Black "Smeets, Jan"]
[Result "1/2-1/2"]
[WhiteElo "2559"]
[BlackElo "2578"]
[PlyCount "43"]
[EventDate "2008.04.02"]
[EventType "tourn"]
[EventRounds "11"]
[EventCountry "NED"]
[EventCategory "12"]
[Source "lmi"]
[SourceDate "2008.04.02"]

1. d4 d5 2. c4 c6 3. Nf3 Nf6 4. e3 Bg4 5. h3 Bxf3 6. Qxf3 Nbd7 7. cxd5 cxd5 8.
Nc3 e6 9. Bd3 Bb4 10. Bd2 O-O 11. a3 Ba5 12. b4 Bb6 13. O-O Re8 14. Bc2 a5 15.
Na4 Bc7 16. Rfc1 axb4 17. Bxb4 Ba5 18. Qe2 Bxb4 19. axb4 Nb6 20. Nc5 Nc4 21.
Nxb7 Qb6 22. Nc5 1/2-1/2

[Event "Holanda ch 2008"]
[Site "Hilversum NED"]
[Date "2008.04.10"]
[Round "8.6"]
[White "Visser, Yge"]
[Black "Brandenburg, Daan"]
[Result "1-0"]
[WhiteElo "2477"]
[BlackElo "2435"]
[PlyCount "117"]
[EventDate "2008.04.02"]
[EventType "tourn"]
[EventRounds "11"]
[EventCountry "NED"]
[EventCategory "12"]
[Source "lmi"]
[SourceDate "2008.04.02"]

1. e4 c5 2. d3 e6 3. g3 Nc6 4. Bg2 Nf6 5. Nh3 d5 6. Nd2 Be7 7. O-O O-O 8. f4 b5
9. c3 a5 10. a4 b4 11. Nf2 Rb8 12. e5 Nd7 13. c4 Nb6 14. b3 f5 15. exf6 Bxf6
16. Ra2 e5 17. fxe5 Nxe5 18. Nf3 dxc4 19. Nxe5 Bxe5 20. dxc4 Qxd1 21. Rxd1 Bf5
22. Be3 Rbc8 23. Ne4 Bxe4 24. Bxe4 Rfe8 25. Bf5 Rc7 26. Bf2 g6 27. Bg4 h5 28.
Bh3 Kg7 29. Re2 Ree7 30. Red2 Re8 31. Rd8 Rxd8 32. Rxd8 Kf7 33. Kf1 Rc6 34. Ke2
Bc7 35. Rd3 Be5 36. Be3 Bf6 37. Bg2 Re6 38. Kf2 Be7 39. Bf4 Ke8 40. h4 Bf6 41.
Be3 Be7 42. Bf4 Bf6 43. Bh3 Rc6 44. Kf3 Bd4 45. Rd1 Rf6 46. Re1+ Kf7 47. Ke4
Rc6 48. Rf1 Ke8 49. Be5 Bc3 50. Rf2 Ke7 51. Rf3 Nd7 52. Bxd7 Kxd7 53. Kd5 Bxe5
54. Kxe5 Ke7 55. Kd5 Rc8 56. Re3+ Kf6 57. Kd6 g5 58. Kd7 Rg8 59. Kc6 1-0

[Event "Holanda ch 2008"]
[Site "Hilversum NED"]
[Date "2008.04.11"]
[Round "9.1"]
[White "Brandenburg, Daan"]
[Black "Stellwagen, Daniel"]
[Result "1/2-1/2"]
[WhiteElo "2435"]
[BlackElo "2621"]
[PlyCount "136"]
[EventDate "2008.04.02"]
[EventType "tourn"]
[EventRounds "11"]
[EventCountry "NED"]
[EventCategory "12"]
[Source "lmi"]
[SourceDate "2008.04.02"]

1. e4 e6 2. d4 d5 3. Nd2 c5 4. exd5 Qxd5 5. Ngf3 cxd4 6. Bc4 Qd6 7. O-O Nf6 8.
Nb3 Nc6 9. Nbxd4 Nxd4 10. Qxd4 Qxd4 11. Nxd4 Bd7 12. Be2 Bc5 13. Nb3 Bb6 14.
Bf4 Ke7 15. c4 Rhc8 16. Be5 a5 17. a4 g5 18. Rfc1 Bc6 19. Nd4 Nd7 20. Nxc6+
Rxc6 21. Bc3 Rd6 22. Bf3 Bd4 23. Bxb7 Rb8 24. Bf3 Bxc3 25. Rxc3 Nc5 26. b3 Rxb3
27. Rxb3 Nxb3 28. Rb1 Rd3 29. h4 gxh4 30. Kh2 h3 31. Be2 Rc3 32. gxh3 Nd4 33.
Rb7+ Kd6 34. Bh5 f5 35. Ra7 Ke5 36. Rxa5+ Kf4 37. Ra7 Rxc4 38. a5 Ra4 39. Rxh7
Rxa5 40. Kg2 e5 41. Rd7 Ra8 42. Bd1 Ra1 43. Bh5 Kg5 44. Rh7 e4 45. h4+ Kf4 46.
Rd7 Nc2 47. Rd1 Ra2 48. Kf1 Ke5 49. Rd5+ Ke6 50. Rc5 Nd4 51. Rc4 Ke5 52. Rc5+
Kf4 53. Rd5 Nc6 54. Be2 Ra1+ 55. Rd1 Ra3 56. Kg2 Ke5 57. Rc1 Nd4 58. Bd1 Ra2
59. Kf1 f4 60. h5 f3 61. h6 Ra7 62. Rc5+ Kf4 63. Rh5 Rh7 64. Rh4+ Ke5 65. Rh3
Kf4 66. Rh4+ Ke5 67. Rh3 Kf5 68. Rh4 Ke5 1/2-1/2

[Event "Holanda ch 2008"]
[Site "Hilversum NED"]
[Date "2008.04.11"]
[Round "9.2"]
[White "Smeets, Jan"]
[Black "Visser, Yge"]
[Result "1/2-1/2"]
[WhiteElo "2578"]
[BlackElo "2477"]
[PlyCount "197"]
[EventDate "2008.04.02"]
[EventType "tourn"]
[EventRounds "11"]
[EventCountry "NED"]
[EventCategory "12"]
[Source "lmi"]
[SourceDate "2008.04.02"]

1. e4 e6 2. d4 d5 3. Nc3 Nf6 4. Bg5 Bb4 5. e5 h6 6. Be3 Ne4 7. Qg4 Kf8 8. a3
Ba5 9. Nge2 c5 10. dxc5 Nc6 11. b4 Nxc3 12. Nxc3 Nxe5 13. Qd1 Bc7 14. Be2 a6
15. Qd2 Nc6 16. Rd1 Qf6 17. Na4 Bd7 18. Nb6 Rd8 19. f4 Be8 20. c3 Ne7 21. O-O
Nf5 22. Bd4 Nxd4 23. Qxd4 Qxd4+ 24. Rxd4 g5 25. f5 e5 26. Rd2 Bc6 27. f6 h5 28.
Rfd1 Bxb6 29. cxb6 Rh6 30. a4 d4 31. b5 axb5 32. axb5 Bd5 33. c4 Be6 34. Rf1 e4
35. c5 d3 36. c6 Bc4 37. Rc1 Bxb5 38. cxb7 Ba6 39. Rc8 Rxc8 40. bxc8=Q+ Bxc8
41. Bxd3 exd3 42. Rxd3 Rxf6 43. Rd8+ Kg7 44. Rxc8 Rxb6 45. Rc5 Rb1+ 46. Kf2 Kg6
47. h3 Rb3 48. Rc6+ f6 49. Rc5 h4 50. Ra5 Rb1 51. Rc5 Rd1 52. Ra5 Kf7 53. Ra6
Ke7 54. Ke2 Rd6 55. Ra3 Ke6 56. Kf3 Rd4 57. Ra6+ Ke5 58. Ra5+ Rd5 59. Ra3 Rc5
60. Rd3 f5 61. Re3+ Kd4 62. Re8 Rc3+ 63. Kf2 Kd5 64. Rg8 Rg3 65. Ra8 Ke6 66.
Ra6+ Kf7 67. Ra7+ Kg6 68. Ra6+ Kh5 69. Rf6 f4 70. Kf1 Ra3 71. Kf2 Ra2+ 72. Kf3
Rb2 73. Ra6 Rb7 74. Rc6 Rg7 75. Rc8 Rg6 76. Rh8+ Rh6 77. Rb8 Re6 78. Rb3 Rf6
79. Ra3 Rb6 80. Rc3 Rb1 81. Rc6 Rb3+ 82. Kf2 Rb8 83. Kf3 Rg8 84. Rc7 Rg6 85.
Rh7+ Rh6 86. Rb7 Re6 87. Rb3 Ra6 88. Rc3 Rb6 89. Ra3 Rc6 90. Rb3 Rd6 91. Ra3
Re6 92. Rb3 Ra6 93. Rc3 Rb6 94. Ra3 Rc6 95. Rb3 Rd6 96. Ra3 Re6 97. Rb3 Ra6 98.
Rc3 Rb6 99. Ra3 1/2-1/2

[Event "Holanda ch 2008"]
[Site "Hilversum NED"]
[Date "2008.04.11"]
[Round "9.3"]
[White "Reinderman, Dimitri"]
[Black "Ernst, Sipke"]
[Result "1/2-1/2"]
[WhiteElo "2526"]
[BlackElo "2559"]
[PlyCount "47"]
[EventDate "2008.04.02"]
[EventType "tourn"]
[EventRounds "11"]
[EventCountry "NED"]
[EventCategory "12"]
[Source "lmi"]
[SourceDate "2008.04.02"]

1. c4 e5 2. g3 Nf6 3. Bg2 c6 4. d4 Bb4+ 5. Bd2 Bxd2+ 6. Qxd2 exd4 7. Qxd4 d5 8.
cxd5 cxd5 9. Nc3 Be6 10. Nf3 Nc6 11. Qa4 O-O 12. Rd1 Qb6 13. Qb5 Ne4 14. Qxb6
axb6 15. Nxe4 dxe4 16. Ng5 Rxa2 17. Nxe6 fxe6 18. Bxe4 Rxb2 19. f3 b5 20. Kf2
Rb4 21. Ke3 Rb3+ 22. Kf2 Rb4 23. Ke3 Rb3+ 24. Kf2 1/2-1/2

[Event "Holanda ch 2008"]
[Site "Hilversum NED"]
[Date "2008.04.11"]
[Round "9.4"]
[White "Nijboer, Friso"]
[Black "Bosboom, Manuel"]
[Result "1/2-1/2"]
[WhiteElo "2558"]
[BlackElo "2471"]
[PlyCount "109"]
[EventDate "2008.04.02"]
[EventType "tourn"]
[EventRounds "11"]
[EventCountry "NED"]
[EventCategory "12"]
[Source "lmi"]
[SourceDate "2008.04.02"]

1. e4 e5 2. Nf3 d6 3. d4 Nf6 4. Nc3 Nbd7 5. Bc4 Be7 6. O-O O-O 7. Re1 c6 8. a4
a5 9. Ba2 h6 10. h3 Re8 11. Be3 Bf8 12. Nd2 exd4 13. Bxd4 Ne5 14. f4 Ng6 15.
Qf3 Be6 16. Rad1 Bxa2 17. Nxa2 d5 18. Bf2 Qc7 19. e5 Nd7 20. Kh1 Nc5 21. Nc3 f6
22. Qg4 Kh7 23. exf6 Qxf4 24. fxg7 Qxg4 25. hxg4 Kxg7 26. Nf3 Kf7 27. Rf1 Kg8
28. g5 Ne4 29. gxh6 Bxh6 30. Nxe4 Rxe4 31. b3 Nf4 32. Rd4 Rf8 33. Re1 Rxe1+ 34.
Bxe1 Bg7 35. Rd1 b6 36. g3 Ne6 37. Kg2 Nc5 38. Bf2 Rb8 39. Re1 Ne4 40. Bd4 c5
41. Bxg7 Kxg7 42. Ne5 Rf8 43. Nd3 Rd8 44. Nf4 Kf6 45. c4 Nc3 46. Re6+ Kf7 47.
Rxb6 dxc4 48. bxc4 Rd4 49. Ng6 Nxa4 50. Ne5+ Kg7 51. Rg6+ Kh7 52. Ra6 Nb2 53.
Rxa5 Nxc4 54. Rxc5 Nxe5 55. Rxe5 1/2-1/2

[Event "Holanda ch 2008"]
[Site "Hilversum NED"]
[Date "2008.04.11"]
[Round "9.6"]
[White "L'Ami, Erwin"]
[Black "De Jong, Jan-Willem"]
[Result "1-0"]
[WhiteElo "2600"]
[BlackElo "2474"]
[PlyCount "131"]
[EventDate "2008.04.02"]
[EventType "tourn"]
[EventRounds "11"]
[EventCountry "NED"]
[EventCategory "12"]
[Source "lmi"]
[SourceDate "2008.04.02"]

1. e4 e5 2. Nf3 Nc6 3. Bb5 a6 4. Bxc6 dxc6 5. O-O Qf6 6. d4 exd4 7. Bg5 Qd6 8.
Nxd4 Be7 9. Bxe7 Nxe7 10. Nc3 Bd7 11. Nb3 Qxd1 12. Raxd1 b6 13. f4 O-O-O 14. f5
f6 15. Nd4 c5 16. Nf3 Nc6 17. Kf2 Rde8 18. Rfe1 Ne5 19. Nxe5 Rxe5 20. Rd3 Rhe8
21. g4 Bc6 22. Rh3 h6 23. Rhe3 b5 24. Kf3 h5 25. h3 g6 26. Kf4 hxg4 27. hxg4
g5+ 28. Kf3 Rh8 29. Ne2 Kd8 30. Ng3 Rh3 31. Rg1 Rh2 32. Rg2 Rh3 33. c3 a5 34.
Ree2 Re8 35. Kf2 Ke7 36. Nf1 Kd6 37. Rg3 Rxg3 38. Nxg3 Ke5 39. Ke3 Rh8 40. Nh5
Rd8 41. Ng3 c4 42. Rd2 Rxd2 43. Kxd2 Kf4 44. Nh5+ Kxg4 45. Nxf6+ Kf4 46. a3 Ke5
47. Ng4+ Kxe4 48. f6 Be8 49. Nh6 g4 50. f7 Bxf7 51. Nxf7 g3 52. Ng5+ Kf4 53.
Ne6+ Ke4 54. Ke2 g2 55. Kf2 Kd3 56. Nxc7 Kc2 57. Nxb5 Kxb2 58. Kxg2 Kb3 59. Kf3
Ka4 60. Nd6 Kb3 61. Ne4 a4 62. Ke3 Kxa3 63. Kd4 Kb2 64. Nd6 Kc2 65. Nxc4 Kb3
66. Kd3 1-0

[Event "Holanda ch 2008"]
[Site "Hilversum NED"]
[Date "2008.04.12"]
[Round "10.3"]
[White "Bosboom, Manuel"]
[Black "Janssen, Ruud"]
[Result "0-1"]
[WhiteElo "2471"]
[BlackElo "2504"]
[PlyCount "142"]
[EventDate "2008.04.02"]
[EventType "tourn"]
[EventRounds "11"]
[EventCountry "NED"]
[EventCategory "12"]
[Source "lmi"]
[SourceDate "2008.04.02"]

1. e4 e5 2. Bc4 Nf6 3. d3 Nc6 4. Nf3 Bc5 5. c3 a6 6. d4 exd4 7. O-O Nxe4 8.
cxd4 d5 9. dxc5 dxc4 10. Qxd8+ Kxd8 11. Rd1+ Bd7 12. Na3 c3 13. bxc3 Kc8 14. c4
Nxc5 15. Rd5 Ne4 16. Ne5 Nxe5 17. Rxe5 Nd6 18. Bf4 Re8 19. c5 Rxe5 20. Bxe5 Ne8
21. Nc4 Be6 22. Na5 Bd5 23. Rd1 Bxa2 24. c6 bxc6 25. Nxc6 Kb7 26. Na5+ Kb6 27.
Bc3 Nd6 28. Ra1 Bd5 29. Bxg7 Rg8 30. Bd4+ c5 31. Be5 Rxg2+ 32. Kf1 Rg6 33. Rd1
Bg2+ 34. Ke2 Kxa5 35. Rxd6 Rxd6 36. Bxd6 Kb4 37. Kd3 a5 38. Be5 Kb3 39. h4 Bf3
40. Bf6 a4 41. Bg7 a3 42. Bf6 Bg4 43. Kd2 Bf5 44. Bg7 Be4 45. Bf6 Bc6 46. Kd3
Bb5+ 47. Kd2 Kc4 48. Ke3 Kd5 49. Kf4 Ke6 50. Bc3 Bc6 51. Ba1 Ba4 52. Bc3 Bc2
53. Ba1 Bd1 54. Bc3 Bh5 55. Ba1 Kd5 56. Ke3 Kc4 57. Bf6 Kb3 58. Kd2 Ka2 59. Kc1
Bf3 60. Be7 f5 61. Bxc5 Kb3 62. Kd2 Kb2 63. Bd4+ Kb1 64. Ke3 Bg4 65. Kf4 h5 66.
f3 a2 67. fxg4 fxg4 68. Ke3 a1=Q 69. Bxa1 Kxa1 70. Ke2 Ka2 71. Ke3 Kb1 0-1

[Event "Holanda ch 2008"]
[Site "Hilversum NED"]
[Date "2008.04.12"]
[Round "10.4"]
[White "Ernst, Sipke"]
[Black "Nijboer, Friso"]
[Result "1-0"]
[WhiteElo "2559"]
[BlackElo "2558"]
[PlyCount "79"]
[EventDate "2008.04.02"]
[EventType "tourn"]
[EventRounds "11"]
[EventCountry "NED"]
[EventCategory "12"]
[Source "lmi"]
[SourceDate "2008.04.02"]

1. d4 d6 2. c4 e5 3. e3 Nc6 4. Nf3 g6 5. Nc3 Bg7 6. Be2 Nge7 7. d5 Nb8 8. Qc2
a5 9. a3 Bd7 10. e4 Na6 11. Rb1 Nc5 12. b4 axb4 13. axb4 Na4 14. O-O O-O 15.
Ne1 Nxc3 16. Qxc3 c6 17. Be3 b5 18. dxc6 Bxc6 19. f3 bxc4 20. b5 Bb7 21. Qxc4
d5 22. Qb4 f5 23. Nd3 dxe4 24. Nc5 Qb6 25. Qb3+ Kh8 26. fxe4 fxe4 27. Ne6 Rxf1+
28. Bxf1 Qd6 29. Bc5 Qd7 30. Rd1 Nd5 31. Nxg7 Kxg7 32. Ba3 Qe6 33. Bc4 e3 34.
Re1 Qf6 35. Re2 Nf4 36. Rxe3 Bxg2 37. Bb2 Nh3+ 38. Kxg2 Qf2+ 39. Kxh3 Rf8 40.
Bxe5+ 1-0

[Event "Holanda ch 2008"]
[Site "Hilversum NED"]
[Date "2008.04.12"]
[Round "10.6"]
[White "Brandenburg, Daan"]
[Black "Smeets, Jan"]
[Result "1/2-1/2"]
[WhiteElo "2435"]
[BlackElo "2578"]
[PlyCount "81"]
[EventDate "2008.04.02"]
[EventType "tourn"]
[EventRounds "11"]
[EventCountry "NED"]
[EventCategory "12"]
[Source "lmi"]
[SourceDate "2008.04.02"]

1. e4 e5 2. Nf3 Nc6 3. d4 exd4 4. Nxd4 Nf6 5. Nxc6 bxc6 6. e5 Qe7 7. Qe2 Nd5 8.
c4 Nb6 9. Nc3 Qe6 10. Qe4 Ba6 11. b3 O-O-O 12. Bb2 Bc5 13. Bd3 f6 14. exf6 Qxf6
15. O-O Rde8 16. Qf5 Qxf5 17. Bxf5 Bd4 18. Na4 c5 19. Bxd4 cxd4 20. Nb2 g6 21.
Bh3 Kd8 22. Rfd1 c5 23. a4 d6 24. b4 Nxc4 25. Nxc4 Bxc4 26. bxc5 d5 27. g3 Kc7
28. Bf1 Bxf1 29. Kxf1 Re4 30. Rab1 Kc6 31. Rb5 Rf8 32. Ra5 Rf7 33. Ra6+ Kxc5
34. Rc1+ Kb4 35. Rb1+ Ka3 36. Ra5 Re3 37. Rab5 Kxa4 38. R1b4+ Ka3 39. Rb1 Ka4
40. R1b4+ Ka3 41. Rb1 1/2-1/2

[Event "Holanda ch 2008"]
[Site "Hilversum NED"]
[Date "2008.04.13"]
[Round "11.2"]
[White "Reinderman, Dimitri"]
[Black "Brandenburg, Daan"]
[Result "1-0"]
[WhiteElo "2526"]
[BlackElo "2435"]
[PlyCount "75"]
[EventDate "2008.04.02"]
[EventType "tourn"]
[EventRounds "11"]
[EventCountry "NED"]
[EventCategory "12"]
[Source "lmi"]
[SourceDate "2008.04.02"]

1. c4 Nf6 2. Nc3 g6 3. e4 d6 4. d4 Bg7 5. Bd3 O-O 6. Nge2 Nc6 7. O-O Nh5 8. Be3
e5 9. d5 Ne7 10. Ng3 Nf4 11. Bc2 f5 12. f3 Nxg2 13. Kxg2 f4 14. Bd2 fxg3 15.
hxg3 h6 16. Rh1 g5 17. Qe2 Ng6 18. Nd1 Rf7 19. Ne3 Qf8 20. b4 Bf6 21. Raf1 Rh7
22. Rh5 Qf7 23. Ng4 Bg7 24. Rh2 h5 25. Rfh1 Nf8 26. Ne3 Bf6 27. Nf5 b6 28. Ba4
Ng6 29. Be3 Bd8 30. Qd2 Bxf5 31. exf5 Qxf5 32. Bc2 Qf7 33. Bxg5 Rg7 34. Rxh5
Bxg5 35. Qxg5 Nf4+ 36. gxf4 Qxf4 37. Rh8+ Kf7 38. Bg6+ 1-0

[Event "Holanda ch 2008"]
[Site "Hilversum NED"]
[Date "2008.04.13"]
[Round "11.3"]
[White "Nijboer, Friso"]
[Black "Visser, Yge"]
[Result "1-0"]
[WhiteElo "2558"]
[BlackElo "2477"]
[PlyCount "131"]
[EventDate "2008.04.02"]
[EventType "tourn"]
[EventRounds "11"]
[EventCountry "NED"]
[EventCategory "12"]
[Source "lmi"]
[SourceDate "2008.04.02"]

1. e4 e6 2. d4 d5 3. Nc3 Bb4 4. e5 c5 5. a3 Bxc3+ 6. bxc3 Qa5 7. Bd2 Qa4 8. Qb1
c4 9. Ne2 Nc6 10. Ng3 Bd7 11. Nh5 g6 12. Nf6+ Nxf6 13. exf6 O-O-O 14. Be2 e5
15. dxe5 Bf5 16. f4 d4 17. O-O Rd5 18. Qe1 h5 19. Bf3 Rhd8 20. Bxd5 Rxd5 21.
Qf2 Qxc2 22. Rac1 Qd3 23. h3 Rb5 24. Be1 Rb3 25. a4 dxc3 26. Qc5 Qd4+ 27. Bf2
Qxc5 28. Bxc5 b6 29. g4 hxg4 30. hxg4 Bxg4 31. f5 bxc5 32. fxg6 Kd7 33. Rxc3
Rb8 34. g7 Nxe5 35. Re3 Ke6 36. Rfe1 Kxf6 37. Rxe5 Be6 38. Rxc5 Kxg7 39. Rc7
Kf6 40. a5 Rb2 41. a6 Ra2 42. Rxa7 Kf5 43. Ra8 Kf4 44. a7 Bg4 45. Rc1 Be6 46.
Rf1+ Ke3 47. Re1+ Kd2 48. Kf2 Kc3+ 49. Ke3 Ra5 50. Rb8 Re5+ 51. Kf4 Rf5+ 52.
Kg3 Rg5+ 53. Kh4 Ra5 54. a8=Q Rxa8 55. Rxa8 Kd2 56. Raa1 c3 57. Rad1+ Kc2 58.
Kg3 Bb3 59. Kf2 f5 60. Rb1 Ba2 61. Rb4 Bd5 62. Rd4 Be4 63. Ke3 Kb3 64. Rxe4
fxe4 65. Kxe4 Kc2 66. Ke3 1-0

[Event "Holanda ch 2008"]
[Site "Hilversum NED"]
[Date "2008.04.13"]
[Round "11.4"]
[White "Janssen, Ruud"]
[Black "Ernst, Sipke"]
[Result "1-0"]
[WhiteElo "2504"]
[BlackElo "2559"]
[PlyCount "99"]
[EventDate "2008.04.02"]
[EventType "tourn"]
[EventRounds "11"]
[EventCountry "NED"]
[EventCategory "12"]
[Source "lmi"]
[SourceDate "2008.04.02"]

1. Nf3 Nf6 2. c4 e6 3. Nc3 Bb4 4. Qc2 c5 5. a3 Ba5 6. g3 Nc6 7. Bg2 O-O 8. O-O
h6 9. e3 e5 10. d4 Bxc3 11. Qxc3 e4 12. Ne5 Nb8 13. dxc5 b6 14. cxb6 axb6 15.
Nd3 d6 16. b3 Bf5 17. Bb2 Nbd7 18. Nf4 Ne5 19. Qc2 Qe7 20. Rfd1 Bh7 21. Nd5
Nxd5 22. Rxd5 Nd3 23. Qc3 f6 24. a4 Ra5 25. Qd4 Kh8 26. Bc3 Rxd5 27. Qxd5 Nc5
28. b4 Nd3 29. a5 bxa5 30. bxa5 Nc5 31. a6 Bg8 32. Qc6 Qe6 33. a7 Qxc4 34. Bd4
Bd5 35. Qxd6 Ne6 36. Bf1 Qb3 37. Bh3 Ra8 38. Bxe6 Bxe6 39. Qb6 Qxb6 40. Bxb6
Kg8 41. Bc7 Kf7 42. Kf1 g5 43. Bb8 Kg6 44. Ke1 h5 45. Kd2 Kf5 46. Ra5+ Kg4 47.
Ra6 Kf5 48. Kc3 Bd7 49. Kd4 Bb5 50. Ra5 1-0

[Event "Holanda ch 2008"]
[Site "Hilversum NED"]
[Date "2008.04.13"]
[Round "11.6"]
[White "De Jong, Jan-Willem"]
[Black "Tiviakov, Sergei"]
[Result "1-0"]
[WhiteElo "2474"]
[BlackElo "2634"]
[PlyCount "121"]
[EventDate "2008.04.02"]
[EventType "tourn"]
[EventRounds "11"]
[EventCountry "NED"]
[EventCategory "12"]
[Source "lmi"]
[SourceDate "2008.04.02"]

1. d4 Nf6 2. c4 e6 3. Nc3 Bb4 4. Qc2 c5 5. dxc5 Bxc5 6. Nf3 Qb6 7. e3 Qc7 8. b3
b6 9. Bb2 a6 10. Bd3 Bb7 11. Ne4 Be7 12. O-O Nc6 13. a3 Ng4 14. Ned2 Bf6 15.
Be4 Bxb2 16. Qxb2 f5 17. Bd3 O-O 18. h3 Nce5 19. Nxe5 Nxe5 20. Bc2 Ng6 21. f4
Rae8 22. Rae1 e5 23. fxe5 Rxe5 24. Qd4 Rf6 25. Re2 Qc6 26. Nf3 Re7 27. Ne1 Ref7
28. Ref2 Qe6 29. Nd3 Re7 30. Nf4 Qxe3 31. Qxe3 Rxe3 32. Nh5 Rf8 33. Bxf5 Rd8
34. Bc2 Rc3 35. Rf7 Rxc2 36. Rxg7+ Kh8 37. Rff7 Rxg2+ 38. Kf1 Nf8 39. Rxg2
Bxg2+ 40. Kxg2 Kg8 41. Re7 d6 42. Nf6+ Kh8 43. Kf3 b5 44. Ke4 bxc4 45. bxc4 Rc8
46. Kd3 Rc5 47. Rf7 Ra5 48. Rxf8+ Kg7 49. Nd7 Rxa3+ 50. Kd4 Rxh3 51. Rf6 h5 52.
Rxd6 Rh1 53. Ne5 a5 54. c5 a4 55. Ra6 Rf1 56. c6 h4 57. c7 Rf8 58. Kd5 h3 59.
Rxa4 Rh8 60. Nf3 Kf7 61. Kd6 1-0